000 00732nam a2200253Ia 4500
003 OSt
005 20221007081659.0
006 a|||||r|||| 00| 0
007 ta
008 221006b |||||||| |||| 00| 0 eng d
020 _a0198275110
024 _a19
037 _cReference Collections
040 _aFLL
_cFLL
_beng
041 _2eng
_aeng
082 _aD854:Z3, M4
100 _aHawkins Keith
_9436202
245 0 _aEnvironment and Enforcement
_bRegulation and the Social Defination of Pollution
260 _aOxford
_bClarendon Press New York
_c1984
300 _a253p
_ccm.
650 _aEngineering
942 _hD854:Z3, M4
_cREF
_2CC
999 _c1163939
_d1163939